Statistics for Australian Artists with US Billboard Hot 100 Number 1s

Click here to take the quiz!

General Stats

  • This quiz has been taken 21 times
  • The average score is 5 of 13

Answer Stats

Number of SongsWeeks at #1Decade(s)Answer% Correct
5181970s | 1980sOlivia Newton-John
84%
111980sINXS
58%
251980sMen At Work
58%
9271970sBee Gees
53%
111980sAir Supply
32%
261970sAndy Gibb
32%
172010sIggy Azalea
32%
142010sSia
32%
182010sGotye
26%
261990s | 2000sSavage Garden
26%
331970sHelen Reddy
21%
121980sRick Springfield
21%
172020sThe Kid Laroi
16%

Score Distribution

Percentile by Number Answered

Percent of People with Each Score

Your Score History

You have not taken this quiz